| 000 | 00788nam a2200205Ii 4500 | ||
|---|---|---|---|
| 003 | JO-AjNU | ||
| 008 | 230605s9999||||xx |||||||||||||| ||und|| | ||
| 040 |
_aJO-AjNU _bara _erda _cJO-AjNU |
||
| 041 | _aara | ||
| 050 | 1 | 4 | _aLB1025.2.K512 2005 |
| 100 | 3 |
_a. مؤلف/الهويدي،زيد مراجع /العمري،وليد مترجم،chris kyriacou, _eauthor _923294 |
|
| 245 | 0 | 0 | _aالتعليم الفعال في المدارس بين النظرية والتطبيق= Effective Teaching in Schools |
| 250 | _aط1 | ||
| 264 | 3 | 1 | _aالعين:دار الكتاب الجامعي،2005 |
| 300 | _a250ص | ||
| 336 |
_atext _btxt _2rdacontent |
||
| 337 |
_aunmediated _bn _2rdamedia |
||
| 338 |
_avolume _bnc _2rdacarrier |
||
| 650 | 4 |
_aالتعليم-التربية-فلسفة _923295 |
|
| 999 |
_aA8403 _c11971 _d11971 |
||